000 00426cam a2200181ua 4500
020 _c3.00
041 _ahin
_h
082 _a891.54
_bSUM/KH
100 _aSumitranandan, Pant .
245 _aKhadi ke phool /
_cSumitranandan pant.
_hTextual Documents
250 _a2 /
_b.
260 _a :
_bRajpal and Sanch ,
_c1962.
300 _a171 ; .
365 _a3.00
504 _a
942 _cBK
999 _c8325
_d8325